000 01174naa a22003377a 4500
001 BR7804727
003 BR-BrBNA
005 20240918174138.0
007 ta
008 230509b bl.||||| |||| 00| 0 por d
040 _aBR-BrBNA
_bpor
_cBiblioteca Nacional de Agricultura
041 _a(Pt)
072 _aL30
_b5214
_b9410
_b9543
_bG514
090 _aL30 BR7804727
100 1 _aSilva, A.G. da
100 1 _aFaria, V.P. de
100 1 _aGodoi, C.R. de M.
111 1 _aEncontro sobre Pecuaria Leiteira
_cSao Carlos, SP (Brazil)
_d23 Apr 1978
245 1 _aGordura de leite e gordura de soja na alimentacao de bezerros [Nutricao animal; Holandes preto e branco; Brasil]
260 3 _aSao Carlos, SP (Brasil):
_c1978.
500 _aAnais do Encontro sobre Pecuaria Leiteira Sao Carlos, SP (Brasil): 1978. p. 116-117 (BR7804727-AM)L30
650 _aNutricao animal
650 _aBezerro
650 _aLeite
650 _aGordura
650 _aSoja
650 _aOleo vegetal
773 0 _tAnais do Encontro sobre Pecuaria Leiteira
_wL30 BR7804727
_gSao Carlos, SP (Brasil), 1978. p. 116-117
909 _a202404
_bLucia
_c55
_dLucia Elande
942 _cAM
_2AGRIS
999 _c309192
_d309192